000 00417nam a22001697a 4500
003 CEME
005 20210628204107.0
008 210111b xxu||||| |||| 00| 0 eng d
020 _a9781608072071
040 _cceme
082 _a623.043 DEM
100 _aMartino, Andrea De
_968710
245 _aIntroduction to modern ew systems
260 _aUSA
_bARTECH HOUSE
_c2012
300 _aXII, 417P
942 _cBK
_2ddc
999 _c576200
_d576200